000 00920cam a2200289 a 4500
001 82
003 BD-RjUL
005 20211208233116.0
008 131116r20021988enka b 001 0 eng d
020 _a0521431085
020 _a818561816x
020 _a0521437202 (book in C)
035 _a(BD-RjUL)
040 _aDLC
_cDLC
_dBD-RjUL
_beng
041 _aeng
082 0 0 _a005.13
_222
_bNUM 1992
245 0 0 _aNumerical recipes in C :
_bthe art of scientific computing /
_cWilliam H. Press ... [et al.].
250 _a2nd ed.
260 _aCambridge ;
_aNew York :
_bCambridge University Press,
_cc1992.[Reprinted 2002]
300 _axxvi, 994 p. :
_bill. ;
_c23 cm.
504 _aIncludes bibliographical references (p. 926-929) and index.
526 _bComputer science.
650 0 _aC (Computer program language)
_9482
700 1 _aPress, William H.
_9837
942 _2ddc
_cBK
_02
999 _c82
_d82